[Event "Titled Tue 25th Apr Early"]
[Site "chess.com INT"]
[Date "2023.04.25"]
[Round "9"]
[White "Gukesh, D.."]
[Black "Azarov, S.."]
[Result "1-0"]
[WhiteElo "2730"]
[BlackElo "2582"]
[PlyCount "63"]
[EventDate "2023.04.25"]

1. d4 {Tisdall,Jonathan D} Nf6 2. c4 e6 3. Nc3 Bb4 4. a3 Bxc3+ 5. bxc3 c5 6. e3 Nc6 7. Bd3 d6 8. Ne2 e5 9. O-O O-O 10. d5 Ne7 11. e4 ({RR} 11. Ng3 Re8 ({RR} 11... Ne8 12. e4 Ng6 13. Be3 Nf6 14. Nf5 Re8 15. g3 Bxf5 16. exf5 Nf8 17. f3 e4 18. fxe4 Nxe4 19. Qg4 Nf6 20. Qf4 N8d7 21. Rae1 Ne5 22. Bc2 Qa5 23. Bd2 Qa6 24. a4 Rf8 25. Re2 Qxc4 26. Qxc4) 12. Qc2 Kh8 ({RR} 12... b6) 13. f4 exf4 14. exf4 Ng6 15. f5 Ne5 16. Bg5 Qc7 ({RR} 16... Nxd3 17. Qxd3 h6 18. Bh4 Qe7 19. Qd2) 17. a4 ({RR} 17. Bxf6 gxf6 18. Rae1 Rg8 19. Qd2) 17... b6 18. Rf4 Ba6 19. Be2 Ned7 20. Rh4 Re5 21. Bd3 Rae8 22. Qd2 Qb8 23. Rf1 Rg8 24. Rf3 Rge8 25. Qf4 Re1+ {Jussupow,A (2630)-Larsen,B (2515) Bad Homburg 1998 CBM 066 [Tisdall,Jonathan D] 1-0 (56)}) ({RR} 11. Qc2 e4 12. Bxe4 Nxe4 13. Qxe4 Bf5 14. Qf3 ({RR} 14. Qf4 Bd3 15. Re1 f5) ({RR} 14. Qh4 Bd3 15. Re1 Ng6) 14... Bd3) 11... Ne8 12. f4 f5 13. Ng3 Nf6 $146 ({RR} 13... fxe4 14. Bxe4 exf4 15. Bxf4 Nf6 16. Bc2 Ng6 17. Bg5 Ne5 18. Nh5 Bg4 19. Bxf6 gxf6 20. Bxh7+ Kxh7 21. Qc2+ Kh8 22. Nf4 Qe7 23. Rae1 Qh7 24. Qb3 b6 25. h3 Bd7 26. Re3 Rg8 27. Kh2 Rg7 28. Qd1 {Manukyan,S (2211)-Brancaleoni,M (2180) chess.com INT 2024 0-1 (32)}) 14. fxe5 dxe5 15. exf5 e4 16. Be2 Bd7 17. Bg5 Qa5 18. d6 Nc6 19. Bxf6 gxf6 20. Nxe4 Rae8 21. Rf4 Kh8 22. Bd3 Ne5 23. Qh5 Rf7 24. Rh4 Qd8 25. Re1 Rg8 26. Ng3 Be8 27. Rxe5 fxe5 28. f6 Qd7 29. Qxe5 Rgf8 30. Rxh7+ Rxh7 31. f7+ Rg7 32. Qh5+ 1-0

[Event "Superbet ROM Classic 2024"]
[Site "Bucharest ROU"]
[Date "2024.06.26"]
[Round "1.4"]
[White "Gukesh, D.."]
[Black "Deac, Bogdan-Daniel"]
[Result "1-0"]
[WhiteElo "2763"]
[BlackElo "2680"]
[PlyCount "99"]
[EventDate "2024.06.26"]

1. d4 Nf6 2. c4 e6 3. Nc3 Bb4 4. e3 O-O 5. Bd2 c5 6. d5 d6 ({RR} 6... exd5 7. cxd5 d6 8. Nge2 Re8 9. Nf4 Nbd7 10. Be2 a6 11. O-O Ne5 12. a3 Ba5 13. Re1 Bd7 14. Na2 b5 15. Bxa5 Qxa5 16. Nh5 Nxh5 17. Bxh5 Qb6 18. Nc3 a5 19. Qc2 b4 20. Ne4 Bb5 21. Rad1 {Goryachkina,A (2608)-Muzychuk,A (2534) Struga 2021 ½-½ (48)}) 7. Bd3 exd5 8. cxd5 Nbd7 $146 ({RR} 8... Qe7 9. a3 Bxc3 10. Bxc3 Ne4 11. Ne2 Nd7 12. Bxe4 Qxe4 13. O-O Nb6 14. Nf4 Na4 15. Qc1 Nxc3 16. Qxc3 Re8 17. Rfe1 b5 18. f3 Qe5 19. Qxe5 Rxe5 20. e4 f6 21. b4 c4 22. a4 bxa4 23. Rxa4 {Abdukhakimov,A (1791)-Sharifov,M (2097) Moscow 2022 1-0 (54)}) ({RR} 8... h6 9. Nge2 Nbd7 10. f4 Nb6 11. e4 Bg4 12. O-O Re8 13. Rf3 Bxf3 14. gxf3 Nfd7 15. a3 Bxc3 16. Bxc3 Qe7 17. Bc2 Qh4 18. Kg2 f5 19. Qd3 c4 20. Qd4 Nf6 21. Rg1 fxe4 22. fxe4 Nbxd5 23. Bd2 {Selinga,J (2023)-Tkhoruk,R (1965) Biel SUI 2024 1-0}) 9. Nge2 Ne5 10. Bc2 Rb8 11. O-O b5 12. a3 Ba5 13. h3 Re8 14. Ng3 Nc4 15. Bc1 Bxc3 16. bxc3 Qa5 17. Rb1 Qxc3 18. Rb3 Qe5 19. e4 h5 20. Bd3 Bd7 21. f4 Qd4+ 22. Kh1 Nxe4 23. Bxe4 Rxe4 24. Nxe4 Qxe4 25. Re1 Qh7 26. Re7 Rd8 27. a4 Kf8 28. Qe2 Nb6 29. axb5 Nxd5 30. Re4 Qf5 31. Ra4 Re8 32. Qd1 Nb4 33. Rxa7 Bxb5 34. Qxd6+ Kg8 35. Kh2 Bd3 36. Rc3 Rc8 37. Be3 Nd5 38. Rxc5 Rxc5 39. Qxc5 Be4 40. Ra4 Kh7 41. Ra2 Qg6 42. Bc1 Nf6 43. Qf2 Nd5 44. Qg3 Qxg3+ 45. Kxg3 Ne7 46. Kh4 Bd5 47. Rd2 g6 48. Kg5 Be6 49. Bb2 Ng8 50. Rd8 1-0

[Event "6th Prague Masters 2024"]
[Site "Prague CZE"]
[Date "2024.03.06"]
[Round "8.2"]
[White "Gukesh, D.."]
[Black "Keymer, Vincent"]
[Result "1-0"]
[WhiteElo "2743"]
[BlackElo "2738"]
[PlyCount "53"]
[EventDate "2024.02.27"]

1. d4 Nf6 2. c4 e6 3. Nc3 Bb4 4. Nf3 d6 5. Qc2 O-O 6. Bg5 Nc6 7. a3 Bxc3+ 8. Qxc3 h6 9. Bh4 Re8 ({RR} 9... g5 10. Bg3 Ne4 11. Qc2 f5 12. e3 Qf6 13. Bd3 Nxg3 14. hxg3 e5 15. d5 Nb8 16. e4 Nd7 17. exf5 Nc5 18. O-O-O Nxd3+ 19. Qxd3 Bxf5 20. Qe3 Bh7 21. b3 b5 22. c5 b4 23. a4 e4 24. Nd4 {Grandelius,N (2653)-Dubov,D (2693) chess.com INT 2024 ½-½ (65)}) ({RR} 9... g5 10. Bg3 Ne4 11. Qd3 d5 12. e3 h5 13. h3 Nxg3 14. fxg3 Qd6 15. Kf2 dxc4 16. Qxc4 g4 17. hxg4 hxg4 18. Nd2 e5 19. Ne4 Qg6 20. d5 Na5 21. Qc2 Bf5 22. Bd3 Rad8 23. Nf6+ Qxf6 24. Bxf5 {Volkov,M (2333)-Vlassov,N (2299) chess.com INT 2024 1-0 (47)}) 10. O-O-O $146 ({RR} 10. Rd1 g5 11. Bg3 Ne4 12. Qc2 f5 13. e3 Qf6 14. Bd3 Nxg3 15. hxg3 Bd7 16. Nd2 e5 17. d5 e4 18. dxc6 exd3 19. Qc3 Qxc3 20. bxc3 bxc6 21. Rxh6 Kg7 22. Rh5 Kg6 23. Rh1 Be6 24. f3 Rab8 {Maiorov,N (2446)-Juhasz,A (2380) Chess.com INT 2021 0-1 (54)}) 10... Bd7 11. e3 e5 12. Qc2 a6 13. Bd3 g5 14. dxe5 Nxe5 15. Nxe5 Rxe5 16. f4 Rc5 17. b4 Rc6 18. fxg5 Ng4 19. Bh7+ Kf8 20. Rhf1 Qe7 21. g6 f6 22. h3 d5 23. hxg4 Rxc4 24. Rxf6+ Ke8 25. g7 Rxc2+ 26. Bxc2 Qxg7 27. Bg6+ 1-0

[Event "87th Tata Steel Masters"]
[Site "Wijk aan Zee NED"]
[Date "2025.01.22"]
[Round "5.6"]
[White "Gukesh, D.."]
[Black "Keymer, Vincent"]
[Result "1-0"]
[WhiteElo "2777"]
[BlackElo "2733"]
[PlyCount "143"]
[EventDate "2025.01.18"]

1. d4 Nf6 2. c4 e6 3. Nc3 Bb4 4. e3 O-O 5. Bd2 d5 6. Nf3 Nbd7 7. Qc2 c6 8. Be2 b6 ({RR} 8... Re8 9. O-O Bd6 10. Rad1 h6 11. Bc1 Qe7 12. Rfe1 dxc4 13. Bxc4 e5 14. e4 Nb6 15. dxe5 Bxe5 16. Nxe5 Qxe5 17. Bf1 Ng4 18. g3 Qh5 19. f4 Nf6 20. f5 Nbd7 21. Qg2 g5 22. Be2 g4 23. Rd6 {Artemiev,V (2701)-Grischuk,A (2745) chess.com INT 2022 1-0 (33)}) 9. O-O a5 $146 ({RR} 9... Bb7 10. Nxd5 Nxd5 11. cxd5 Bxd2 12. dxc6 Bxc6 13. Qxc6 Bb4 14. Rac1 Qe7 15. Rfd1 Bd6 16. e4 Bf4 17. Rc2 Nf6 18. g3 Bh6 19. d5 exd5 20. exd5 Rad8 21. d6 Qe6 22. Bc4 Qf5 23. Bd3 Qe6 24. Bc4 {Heberla,B (2517)-Tytynnik,A (2221) Warsaw POL 2025 1-0 (33)}) 10. a3 Bxc3 11. Bxc3 Ne4 12. Be1 Ba6 13. Bd3 h6 14. Bxe4 dxe4 15. Nd2 f5 16. f3 exf3 17. Nxf3 c5 18. Rd1 cxd4 19. Rxd4 Qe8 20. Bg3 e5 21. Rd6 Rc8 22. Rfd1 f4 23. exf4 exf4 24. Bf2 Rf7 25. R1d4 Bb7 26. Qd1 Bc6 27. b4 axb4 28. axb4 Qe7 29. Qd3 Nf6 30. Rxf4 Be4 31. Qd4 Bxf3 32. Rxf3 Qe2 33. Rd8+ Rxd8 34. Qxd8+ Rf8 35. Qd3 Qxd3 36. Rxd3 Rc8 37. Rd4 Kf7 38. Kf1 Ra8 39. Ke2 Ra4 40. Be1 Ke6 41. Bd2 h5 42. Kd3 Ng4 43. Kc3 Nf6 44. Kb3 Ra1 45. Bc3 Rb1+ 46. Kc2 Rf1 47. Rd2 Ne8 48. Kb3 g6 49. Bd4 Rb1+ 50. Ka4 Rc1 51. Bxb6 Rxc4 52. Kb5 Rc1 53. Bc5 Nf6 54. Rd6+ Kf5 55. Kc6 Ng4 56. Rd2 Ke6 57. Rd6+ Kf5 58. b5 Ne5+ 59. Kd5 Nd3 60. Rc6 Nf4+ 61. Kd6 Rd1+ 62. Kc7 Nd5+ 63. Kc8 Rc1 64. Kd7 Rc2 65. Bd6 Rxg2 66. Rc5 Ke4 67. Ke6 Rd2 68. h4 Nb6 69. Rc6 Nd5 70. b6 Nxb6 71. Rxb6 Kf3 72. Be7 1-0

[Event "87th Tata Steel Masters 2025"]
[Site "Wijk aan Zee"]
[Date "2025.01.22"]
[Round "5.6"]
[White "Gukesh, Dommaraju"]
[Black "Keymer, Vincent"]
[Result "1-0"]
[WhiteElo "2777"]
[BlackElo "2733"]
[Annotator "Chessbase - Stockfish 17"]
[PlyCount "143"]
[EventDate "2025.??.??"]
[EventCountry "NED"]

{[%evp 13,143,0,7,8,2,0,31,31,24,16,31,8,18,0,14,7,5,8,9,12,9,12,8,5,13,4,7,12,22,13,18,0,92,72,86,82,87,86,87,87,82,83,90,99,79,66,122,20,130,130,127,135,141,141,150,147,148,129,164,154,158,160,156,185,172,173,194,167,175,141,185,188,194,194,250,239,279,203,231,224,225,236,250,251,278,276,283,267,260,277,271,272,302,299,646,353,685,679,635,566,625,0,594,274,272,256,293,293,318,318,293,293,264,170,309,316,297,299,377,375,351,289,289,296,876,938,881,550,5398,5398,5277,5197]} 1. d4 Nf6 2. c4 e6 3. Nc3 Bb4 4. e3 O-O 5. Bd2 d5 6. Nf3 Nbd7 7. Qc2 c6 8. Be2 b6 $146 (8... dxc4 9. Bxc4 Bd6 10. O-O e5 11. h3 exd4 12. exd4 Nb6 13. Bb3 Nbd5 14. Bg5 Qa5 15. Nxd5 Nxd5 16. Rfe1 Bb4 17. Red1 f6 18. Bd2 Be6 19. Bc4 Bxd2 20. Rxd2 Bf7 21. Re1 Rae8 22. Rde2 Rxe2 23. Rxe2 {Stangl,M (2435)-Gabriel,C (2365) Altensteig 1990 ½-½ (33)}) (8... Re8 9. O-O Bd6 10. Rad1 h6 11. Bc1 Qe7 12. Rfe1 dxc4 13. Bxc4 e5 14. e4 Nb6 15. dxe5 Bxe5 16. Nxe5 Qxe5 17. Bf1 Ng4 18. g3 Qh5 19. f4 Nf6 20. f5 Nbd7 21. Qg2 g5 22. Be2 g4 23. Rd6 {Artemiev,V (2701)-Grischuk,A (2745) chess.com INT 2022 1-0 (33)}) (8... Qe7 9. O-O dxc4 10. Bxc4 e5 11. Rac1 Bxc3 12. Bxc3 e4 13. Ne5 Nb6 14. Be2 Nbd5 15. Bd2 Bf5 16. Qc5 Qe6 17. b4 Rfc8 18. Rfe1 Nd7 19. Nxd7 Qxd7 20. b5 cxb5 21. Qxb5 Qxb5 22. Bxb5 Be6 23. Ba5 {Kania,A (2275)-Dusi,V Toscolano 1996 1-0 (66)}) (8... Ba5 9. O-O dxc4 10. Bxc4 Bc7 11. Rad1 e5 12. h3 exd4 13. exd4 Nb6 14. Bb3 Qd6 15. Rfe1 Nbd5 16. Bg5 Be6 17. Bxf6 Nxf6 18. Bxe6 fxe6 19. Ne5 Nd5 20. Ne4 Qe7 21. g3 Rf5 22. h4 Bxe5 23. dxe5 {Inocencio,E (2265)-Shipman,W (2365) Alexandria 1996 ½-½ (31)}) ({RR} 8... Re8 9. O-O Bd6 10. Rad1 h6 11. Bc1 Qe7 12. Rfe1 dxc4 13. Bxc4 e5 14. e4 Nb6 15. dxe5 Bxe5 16. Nxe5 Qxe5 17. Bf1 Ng4 18. g3 Qh5 19. f4 Nf6 20. f5 Nbd7 21. Qg2 g5 22. Be2 g4 23. Rd6 {Artemiev,V (2701)-Grischuk,A (2745) chess.com INT 2022 1-0 (33)}) 9. O-O {[%cal Bc3d5]} a5 $146 ({RR} 9... Bb7 10. Nxd5 Nxd5 11. cxd5 Bxd2 12. dxc6 Bxc6 13. Qxc6 Bb4 14. Rac1 Qe7 15. Rfd1 Bd6 16. e4 Bf4 17. Rc2 Nf6 18. g3 Bh6 19. d5 exd5 20. exd5 Rad8 21. d6 Qe6 22. Bc4 Qf5 23. Bd3 Qe6 24. Bc4 {Heberla,B (2517)-Tytynnik,A (2221) Warsaw POL 2025 1-0 (33)}) 10. a3 Bxc3 11. Bxc3 Ne4 12. Be1 Ba6 13. Bd3 h6 14. Bxe4 dxe4 15. Nd2 f5 16. f3 exf3 17. Nxf3 c5 18. Rd1 {[%cal Ba1d1,Bd1d4,Bd4d6][%mdl 32]} cxd4 19. Rxd4 (19. exd4 Rc8 20. d5 e5 $17 (20... Bxc4 21. dxe6 Bxf1 22. Qf2) (20... Rxc4 21. Bc3 $15)) 19... Qe8 20. Bg3 e5 21. Rd6 Rc8 22. Rfd1 f4 (22... Rxc4 $6 23. Qd2 Bc8 24. Qd5+ (24. Rxd7 Qxd7 25. Qxd7 Bxd7 $16) 24... Qf7 25. Qxf7+ (25. Rxd7 Bxd7 26. Qxf7+ Rxf7) (25. Bxe5 Qxd5 26. R1xd5 Nxe5) (25. Nxe5 Qxd5 26. R1xd5 Nxe5 $14) 25... Rxf7 26. Bxe5 $14 (26. Nxe5 Nxe5 27. Bxe5 Re7)) (22... Rf7 {keeps the balance.}) 23. exf4 $16 (23. Rxd7 fxg3 24. hxg3 Rxc4) 23... exf4 24. Bf2 (24. Rxd7 fxg3 25. hxg3 Bb5 $17) 24... Rf7 25. R1d4 {White has more active pieces.} (25. Bxb6 Nxb6 26. Rxb6 Bxc4 $17) 25... Bb7 26. Qd1 Bc6 27. b4 axb4 (27... Ne5 $2 28. Rd8 Rxd8 29. Rxd8 Nxc4 (29... Nxf3+ $2 30. gxf3 $18) 30. Rxe8+ $18) 28. axb4 Qe7 29. Qd3 $6 {Inaccuracy. b5 was best.} (29. b5) 29... Nf6 (29... Nf8 $14) 30. Rxf4 $6 {Inaccuracy. h3 was best.} (30. b5 $16 Ba8 31. Rxb6 (31. Rxf4 Ne4 $16)) (30. h3 Be4 31. Qd1 Ba8 32. Rxb6 Ne4 33. Bh4 Qe8 34. Qe1 Rd7 35. c5 Rxd4) 30... Be4 $6 {Inaccuracy. Ne8 was best.} (30... Ne8 31. Rxf7 Qxd6) 31. Qd4 Bxf3 32. Rxf3 {[%cal Bf2h4]} Qe2 $6 {Inaccuracy. Qe4 was best.} (32... Qe4 33. Re3) 33. Rd8+ $1 (33. Rxb6 $2 Rd7 34. Re3 (34. Rd6 $2 Rxc4 35. Kh1 Rxd4 $19) 34... Qxf2+ (34... Qxc4 35. Qxc4+ Rxc4 36. h3) 35. Kxf2 Rxd4 $19) (33. Qxb6 $6 Rxc4 34. Qe3 Qxe3 35. Bxe3 Rxb4) 33... Rxd8 34. Qxd8+ Rf8 35. Qd3 (35. Qxb6 $2 Qd1+ $19 (35... Qxc4 36. h3 $16)) 35... Qxd3 36. Rxd3 {[%mdl 4096] Endgame KRB-KRN. White is a pawn up.} Rc8 37. Rd4 (37. Bxb6 Rxc4 38. Rb3 Nd5 $16) 37... Kf7 38. Kf1 Ra8 39. Ke2 Ra4 40. Be1 Ke6 41. Bd2 h5 42. Kd3 Ng4 $6 {Inaccuracy. Ra2 was best.} (42... Ra2 43. Rd8 Ke7 44. Rh8 Kf7 45. h3 g6 46. Rd8 Ke7 47. Rd4 Ke6 48. g3) 43. Kc3 Nf6 (43... Nxh2 44. Kb3 Ra8) 44. Kb3 $18 Ra1 45. Bc3 Rb1+ 46. Kc2 Rf1 47. Rd2 Ne8 48. Kb3 g6 49. Bd4 Rb1+ 50. Ka4 Rc1 51. Bxb6 Rxc4 52. Kb5 Rc1 53. Bc5 {Prevents Nd6+.} Nf6 $2 (53... Nc7+ 54. Ka4 (54. Kc6 Na6 $18) 54... Ra1+ 55. Kb3 Rb1+ 56. Ka2 Re1) 54. Rd6+ Kf5 $6 {Inaccuracy. Ke5 was best.} (54... Ke5 55. Rc6 (55. Kc6 Rc2 56. h4 Ne4 57. Rxg6 Kf5 58. Rg7 Kf4 59. Kd5 Rd2+ 60. Ke6) 55... Rd1) 55. Kc6 Ng4 56. Rd2 (56. b5 Ne5+ 57. Kd5 Rb1 $16) 56... Ke6 57. Rd6+ Kf5 58. b5 $2 {Mistake. Rd5+ was best.} (58. Rd5+ Kf4 (58... Ke4 59. b5 Rb1 60. b6 Rxb6+ 61. Bxb6 Nxh2 62. Rd4+ Kf5 63. Rd8 Ng4) 59. b5) 58... Ne5+ 59. Kd5 Nd3 {[#]} 60. Rc6 $1 Nf4+ 61. Kd6 Rd1+ 62. Kc7 Nd5+ 63. Kc8 $6 {Inaccuracy. Kd7 was best. aiming for b6.} (63. Kd7 g5 64. Rd6 Ke5 65. g3 Rd2 66. h4 gxh4 67. gxh4 Rh2 68. Re6+ Kf5) 63... Rc1 $6 {Inaccuracy. Rd2 was best.} (63... Rd2 64. Rd6 Ke5 (64... Ke4 65. Kd7 g5 66. Kc6 Ne7+ 67. Kb7 Rxg2 68. Rd4+ Ke5 69. Rd1)) 64. Kd7 Rc2 65. Bd6 Rxg2 {[#]} 66. Rc5 $1 Ke4 67. Ke6 $6 {Inaccuracy. Rc1 was best.} (67. Rc1) 67... Rd2 68. h4 Nb6 $4 {Blunder. Rd4 was best.} (68... Rd4 69. Rc6 Rd2 (69... Nf4+ 70. Kf7 Nd5 71. Kxg6 Rd1 72. Kxh5 Rb1 73. Rc5 Kd4 74. Kg6)) 69. Rc6 Nd5 70. b6 Nxb6 71. Rxb6 Kf3 72. Be7 {1-0 White wins. Precisão Stockfish 17: Brancas 95% pretas 92% Precisão Chess.com: Brancas 9.6% Pretas 89.5%} 1-0

[Event "85th Tata Steel Masters"]
[Site "Wijk aan Zee NED"]
[Date "2023.01.22"]
[Round "8.7"]
[White "Gukesh, D.."]
[Black "Maghsoodloo, Parham"]
[Result "1-0"]
[WhiteElo "2725"]
[BlackElo "2719"]
[PlyCount "97"]
[EventDate "2023.01.14"]

1. d4 Nf6 2. c4 e6 3. Nf3 h6 4. Nc3 Bb4 5. e3 c5 6. Bd3 O-O ({RR} 6... cxd4 7. exd4 O-O 8. O-O d5 9. cxd5 exd5 10. h3 Nc6 11. Bf4 Bd6 12. Bxd6 Qxd6 13. Re1 Bd7 14. a3 Rfe8 15. Qd2 Rac8 16. b4 a6 17. Rxe8+ Rxe8 18. Re1 Rxe1+ 19. Qxe1 Qc7 20. Qe3 Be6 21. Ne2 {Giri,A (2754)-Narayanan,S (2677) Samarkand UZB 2023 ½-½ (54)}) 7. O-O d5 8. cxd5 exd5 $146 ({RR} 8... cxd4 9. exd4 Nxd5 10. Bc2 Nc6 11. Qd3 f5 12. Bb3 Kh8 13. Re1 b6 14. a3 Bd6 15. Bd2 Bb7 16. Rxe6 Nf4 17. Bxf4 Bxf4 18. Rae1 Na5 19. Ba2 Bxf3 20. Qxf3 Qxd4 21. Ne2 Qxb2 22. Nxf4 Qxa2 23. Ng6+ {Andreikin,D (2729)-Rastbod,A (2256) chess.com INT 2023 1-0 (34)}) 9. dxc5 Bxc5 10. b3 Nc6 11. Bb2 Bg4 12. h3 Bh5 13. Rc1 Bb6 14. Be2 Rc8 15. Na4 Bc7 16. Nc5 Bxf3 17. Bxf3 Be5 18. Qd2 Qe7 19. Nd3 Bxb2 20. Qxb2 Rfd8 21. Rfd1 g5 22. b4 a6 23. a4 Qd6 24. b5 Ne7 25. a5 axb5 26. Qxb5 Nc6 27. Ra1 Rc7 28. g3 d4 29. Nb2 Nd5 30. Nc4 Qe6 31. exd4 Nc3 32. Qb6 Nxd1 33. Qxc7 Qe1+ 34. Kh2 Qxf2+ 35. Bg2 Rxd4 36. Qxb7 Rxc4 37. Rxd1 Rc2 38. Rg1 Nd4 39. Kh1 Nf5 40. Qb8+ Kg7 41. a6 Ra2 42. Qe5+ Kg6 43. g4 Ne3 44. Be4+ f5 45. Qd6+ Kf7 46. gxf5 g4 47. Qe6+ Kf8 48. Qf6+ Kg8 49. Bd5+ 1-0

[Event "Chessable Masters Play-In"]
[Site "chess.com INT"]
[Date "2023.03.13"]
[Round "4"]
[White "Gukesh, D.."]
[Black "Mareco, S.."]
[Result "1-0"]
[WhiteElo "2730"]
[BlackElo "2623"]
[PlyCount "59"]
[EventDate "2023.03.13"]

1. d4 Nf6 2. c4 e6 3. Nf3 d5 4. Nc3 Bb4 5. e3 O-O 6. Bd2 Re8 7. Rc1 a5 $146 ({RR} 7... c5 8. a3 Bxc3 9. Bxc3 cxd4 10. Bxd4 Nc6 11. Bc3 e5 12. cxd5 Nxd5 13. Bc4 Be6 14. O-O Nxc3 15. Rxc3 Qxd1 16. Rxd1 Rad8 17. Rd2 Rxd2 {½-½ (17) Harsha,B (2602)-Robson,R (2704) Sharjah UAE 2023}) ({RR} 7... a6 8. c5 Nc6 9. a3 Bxc3 10. Bxc3 Ne4 11. Qc2 e5 12. Nxe5 Nxe5 13. dxe5 Nxc5 14. b4 Ne4 15. Bb2 c6 16. Bd3 Bf5 17. f3 Qh4+ 18. Ke2 Qf2+ 19. Kd1 Qxe3 20. Rf1 Ng3 21. hxg3 Bxd3 22. Qf2 {Bluebaum,M (2663)-Carlsen,M (2852) chess.com INT 2023 0-1 (31)}) ({RR} 7... c5 8. a3 cxd4 9. axb4 dxc3 10. Bxc3 Nbd7 11. cxd5 Nxd5 12. Bd3 Nxc3 13. bxc3 h6 14. Qc2 Nf6 15. Rd1 Qb6 16. O-O a5 17. Ne5 Bd7 18. Nxd7 Nxd7 19. Bh7+ Kh8 20. Rxd7 f5 21. Bg6 Red8 22. Rxd8+ {Garrido,D (2230)-Nielsen-Refs,K (2096) chess.com INT 2024 1-0}) 8. Bd3 Nbd7 9. O-O c6 10. a3 Bf8 11. cxd5 exd5 12. Qc2 Bd6 13. Rfe1 Nf8 14. h3 Bd7 15. e4 dxe4 16. Nxe4 Nxe4 17. Bxe4 h6 18. d5 c5 19. a4 b5 20. axb5 Bxb5 21. Bc3 a4 22. Nd2 Qh4 23. Bf3 Ng6 24. Ne4 Bf8 25. d6 Ne5 26. Bxe5 Rxe5 27. Nc3 Rxe1+ 28. Rxe1 Rb8 29. Nxb5 Rxb5 30. d7 1-0

[Event "chess.com Junior Speed"]
[Site "chess.com INT"]
[Date "2023.06.15"]
[Round "2.5"]
[White "Gukesh, D.."]
[Black "Pranav, V.."]
[Result "1/2-1/2"]
[WhiteElo "2736"]
[BlackElo "2608"]
[PlyCount "77"]
[EventDate "2023.06.13"]
[EventType "k.o."]

1. d4 {ChessBase II} Nf6 2. c4 e6 3. Nc3 Bb4 4. e3 O-O 5. Bd3 d5 6. cxd5 exd5 7. a3 Bd6 8. Nge2 b6 $146 ({RR} 8... Nbd7 9. f3 c5 10. O-O b6 11. g4 Bb7 12. Ng3 g6 13. Bd2 a6 14. Qe2 b5 15. Qg2 Nb6 16. Rae1 Nc4 17. Bc1 b4 18. axb4 cxb4 19. Nd1 a5 20. f4 Qc7 21. g5 Ne4 22. Bxe4 dxe4 23. Nf2 {Gyorkos,L (2365)-Tischbierek,R (2450) Balatonbereny 1984 EXT 2013 [ChessBase II] 0-1 (45)}) ({RR} 8... Re8 9. Qc2 a6 10. h3 b6 11. b4 Nbd7 12. O-O c5 13. bxc5 bxc5 14. Rb1 c4 15. Bf5 g6 16. Bxd7 Bxd7 17. g4 Nxg4 18. hxg4 Qh4 19. Ng3 Bxg4 20. Rb6 Bf3 {0-1 (20) Duda,J (2743)-So,W (2770) Chess.com INT 2020}) ({RR} 8... c5 9. dxc5 Bxc5 10. O-O Nc6 11. b4 Bd6 12. h3 Be6 13. Bb2 Qd7 14. Nf4 d4 15. Nxe6 Qxe6 16. exd4 Nxd4 17. Bxh7+ Nxh7 18. Qxd4 Be5 19. Qe3 Rac8 20. Rac1 Rfe8 21. Ba1 Qb3 22. Nb5 Qxe3 23. fxe3 {Pratama,C (2070)-Leiva,G (2387) chess.com INT 2025 1-0 (42)}) 9. f3 Bb7 10. O-O Re8 11. Ng3 Nbd7 12. Bd2 c5 13. Nce2 a6 14. Rc1 Bf8 15. Qe1 Rc8 16. Qf2 g6 17. Bc3 Bh6 18. Nf4 Nf8 19. Rfe1 Qd6 20. dxc5 bxc5 21. b4 Rxe3 22. Rxe3 Bxf4 23. bxc5 Qxc5 24. Bd2 Bxe3 25. Bxe3 Qxa3 26. Rxc8 Bxc8 27. Qc2 Bd7 28. Bd4 Ne8 29. Bb2 Qb4 30. Qe2 Qb6+ 31. Kh1 Ne6 32. Bxa6 d4 33. Bc4 Nd6 34. Ba2 Qa7 35. Bxe6 Bxe6 36. Qe5 Nc4 37. Qxd4 Qxd4 38. Bxd4 f5 39. h4 1/2-1/2

[Event "IND-ch 58th"]
[Site "Kanpur"]
[Date "2022.02.26"]
[Round "3"]
[White "Gukesh, Dommaraju"]
[Black "Sammed Jaykumar, Shete"]
[Result "1-0"]
[WhiteElo "2614"]
[BlackElo "2408"]
[PlyCount "91"]
[EventDate "2022.02.25"]
[EventType "swiss"]
[EventRounds "11"]
[EventCountry "IND"]
[SourceTitle "CBM 207 Extra"]
[Source "ChessBase"]
[SourceDate "2022.05.31"]
[SourceVersion "1"]
[SourceVersionDate "2022.05.31"]
[SourceQuality "1"]

1. d4 Nf6 2. c4 e6 3. Nc3 Bb4 4. a3 Bxc3+ 5. bxc3 O-O 6. e3 d6 7. Bd3 e5 8. Ne2 Re8 ({RR} 8... Nbd7 9. O-O Re8 10. Ng3 c5 11. f3 d5 12. cxd5 Nxd5 13. c4 Nc3 14. Bxh7+ Kxh7 15. Qd3+ Kg8 16. Qxc3 cxd4 17. exd4 exd4 18. Qxd4 Ne5 19. Bb2 Qxd4+ 20. Bxd4 Nxc4 21. Nh5 Nd2 22. Rfe1 Rxe1+ 23. Rxe1 {Ipatov,A (2613)-Ghaem Maghami,E (2582) Dubai 2014 1-0}) 9. O-O Nc6 10. f3 ({RR} 10. Ng3 h6 11. f3 b6 12. Ne4 Ba6 13. c5 Bxd3 14. Qxd3 dxc5 15. Nxf6+ Qxf6 16. dxc5 Rad8 17. Qe4 Qe6 18. cxb6 cxb6 19. a4 f5 20. Qc2 Na5 21. e4 f4 22. g3 g5 23. gxf4 gxf4 24. Kh1 Kh7 {Manukyan,S (2233)-Tabatabaei,M (2669) chess.com INT 2025 0-1 (35)}) 10... b6 $146 ({RR} 10... h6 11. e4 Ne7 12. f4 c5 13. fxe5 dxe5 14. d5 Ng6 15. Ng3 b5 16. h3 bxc4 17. Bxc4 Rb8 18. Qd3 Qd6 19. Qf3 Rb6 20. Nh5 Qe7 21. Be3 Bd7 22. Rab1 Nh4 23. Nxf6+ Rxf6 24. Qe2 Rc8 25. Rb7 {De Greif,B-Ortega,R Havana 1963 1-0 (39)}) 11. e4 h6 12. Be3 Na5 13. Ng3 Ba6 14. Qe2 Qd7 15. Nf5 Kh7 16. f4 Ng8 17. fxe5 dxe5 18. Rf3 Re6 19. Raf1 Rf8 20. d5 Rg6 21. Nh4 Rg4 22. g3 c5 23. h3 Rxh4 24. gxh4 f6 25. Rg3 Qf7 26. Kh2 Ne7 27. Rfg1 Rg8 28. h5 Nb7 29. a4 Nd6 30. a5 Qf8 31. Qa2 Bc8 32. axb6 axb6 33. Qa7 Qd8 34. Rb1 f5 35. Qxb6 f4 36. Rg6 Nb7 37. Bxf4 exf4 38. e5 Bf5 39. Bxf5 Nxf5 40. Qxb7 Qh4 41. d6 Qxh5 42. Rg4 Kh8 43. Qe4 Ne3 44. Rxf4 Qe2+ 45. Kg1 Qd2 46. Rf2 1-0

[Event "11th Sinquefield Cup"]
[Site "Saint Louis USA"]
[Date "2024.08.28"]
[Round "9.1"]
[White "Gukesh, D.."]
[Black "So, W.."]
[Result "1/2-1/2"]
[WhiteElo "2766"]
[BlackElo "2751"]
[PlyCount "69"]
[EventDate "2024.08.19"]

1. d4 Nf6 2. c4 e6 3. Nc3 Bb4 4. Nf3 c5 5. dxc5 Na6 6. Bd2 Nxc5 7. e3 Bxc3 $146 ({RR} 7... O-O 8. Be2 b6 9. O-O Bb7 10. a3 Bxc3 11. Bxc3 d5 12. Ne5 dxc4 13. Bxc4 Qxd1 14. Rfxd1 Rfd8 15. b4 Nce4 16. Bd4 Nd6 17. Be2 Nf5 18. Bb2 h6 19. Rxd8+ Rxd8 20. Rd1 Rxd1+ 21. Bxd1 {½-½ (21) Uljianova,N (2028)-Aseeva,A (1807) Perm 2011}) ({RR} 7... O-O 8. Be2 a5 9. O-O b6 10. a3 Bxc3 11. Bxc3 Nfe4 12. Be1 a4 13. Nd4 Ba6 14. f3 Nd6 15. Rc1 e5 16. Nb5 Nf5 17. Bf2 Bxb5 18. cxb5 Nb3 19. Rc3 d5 20. e4 Nfd4 21. exd5 Nxe2+ 22. Qxe2 {Mamedov,R (2624)-Goganov,A (2517) Plovdiv 2012 1-0 (72)}) ({RR} 7... O-O 8. Be2 d5 9. cxd5 Bxc3 10. Bxc3 Nxd5 11. Bd4 Ne4 12. O-O b6 13. Rc1 Bb7 14. Bd3 Nb4 15. Bb1 Rc8 16. Qb3 Na6 17. Rfd1 Rxc1 18. Rxc1 Nac5 19. Qa3 a5 20. b4 axb4 21. Qxb4 Qd6 22. Bxe4 {Chelly,Y (2039)-Hernandez,A (2043) chess.com INT 2025 1-0}) 8. Bxc3 Nce4 9. Bb4 d6 10. Be2 Qb6 11. Ba3 O-O 12. O-O e5 13. Nd2 Rd8 14. Nxe4 Nxe4 15. Qc2 Bf5 16. Bd3 d5 17. Rad1 Rac8 18. Qb1 Bg4 19. cxd5 Bxd1 20. Bxe4 Be2 21. Re1 Bc4 22. Bxh7+ Kh8 23. Bf5 Bxd5 24. Bxc8 Rxc8 25. Rd1 Qc6 26. f3 Qb6 27. Re1 Bxa2 28. Qxa2 Rc1 29. Rxc1 Qxe3+ 30. Kf1 Qd3+ 31. Ke1 Qe3+ 32. Kd1 Qd3+ 33. Ke1 Qe3+ 34. Kd1 Qd3+ 35. Ke1 1/2-1/2